[Event "Oberliga Nord W 1920"]
[Site "Germany"]
[Date "2019.12.08"]
[Round "4.1"]
[White "Lingnau, Carsten"]
[Black "Tonndorf, Matthias"]
[Result "1-0"]
[WhiteElo "2418"]
[BlackElo "2171"]
[PlyCount "123"]
[EventDate "2019.09.29"]
[EventType "team-tourn"]
[EventRounds "9"]
[EventCountry "GER"]
[SourceTitle "CBM 195 Extra"]
[Source "ChessBase"]
[SourceDate "2020.05.31"]
[SourceVersion "1"]
[SourceVersionDate "2020.05.31"]
[SourceQuality "1"]

1. d4 Nf6 2. c4 e6 3. g3 c5 4. Nf3 cxd4 5. Nxd4 Qc7 6. Nc3 a6 7. Bg2 Be7 8. 0-0 d6 9. b3 0-0 10. Bb2 Nbd7 11. Rc1 Re8 12. e3 Nf8 13. Qe2 Bd7 14. f4 Rad8 15. Qf3 Bc8 16. g4 e5 17. fxe5 dxe5 18. Nd5 Nxd5 19. Qxf7+ Kh8 20. Bxd5 Ng6 21. Nf5 Bxf5 22. Qxf5 Bc5 23. Qe4 Nf4 24. Kh1 Nxd5 25. cxd5 Qb6 26. Rf3 Qd6 27. Rd1 Rd7 28. Rf5 Rde7 29. Rdf1 Kg8 30. Kg2 Rd7 31. Rd1 g6 32. Rf3 Qb6 33. g5 Qb5 34. Rd2 Qa5 35. Rdf2 Bb6 36. d6 Qc5 37. Rf6 Qc6 38. Qxc6 bxc6 39. h4 Bd8 40. R6f3 e4 41. Rf4 Bb6 42. Bc1 Bc5 43. Rc2 Bxd6 44. Rf6 c5 45. Rd2 Red8 46. Re6 Bf8 47. Rxd7 Rxd7 48. Rxe4 Rd1 49. Rc4 Re1 50. Kf3 Rh1 51. e4 Rxh4 52. Ra4 Rh2 53. Rxa6 Rc2 54. Be3 Be7 55. e5 Rh2 56. e6 Rh3+ 57. Ke4 Rh4+ 58. Kd5 Rg4 59. a4 Rg3 60. Ra8+ Kg7 61. Bf4 Rd3+ 62. Kc6 1-0

[Event "Bayern-chI Bank Hofmann 22nd"]
[Site "Tegernsee"]
[Date "2018.10.30"]
[Round "4"]
[White "Tonndorf, Matthias"]
[Black "Yakimenko, Alexander A"]
[Result "0-1"]
[WhiteElo "2216"]
[BlackElo "2101"]
[PlyCount "190"]
[EventDate "2018.10.27"]
[EventType "swiss"]
[EventRounds "9"]
[EventCountry "GER"]
[SourceTitle "CBM 187 Extra"]
[Source "ChessBase"]
[SourceDate "2018.11.04"]
[SourceVersion "1"]
[SourceVersionDate "2018.11.04"]
[SourceQuality "1"]

1. e4 e6 2. d4 d5 3. Nc3 Bb4 4. exd5 exd5 5. Bd3 Nc6 6. a3 Bxc3+ 7. bxc3 Nge7 8. Qh5 Be6 9. Rb1 Qc8 10. Ne2 Bg4 11. Qg5 0-0 12. Ng3 h6 13. Qd2 Nf5 14. 0-0 Nce7 15. h3 Nxg3 16. fxg3 Bf5 17. g4 Bxd3 18. Qxd3 c6 19. g5 h5 20. Qe2 Nf5 21. Bf4 h4 22. Qg4 b6 23. Rf3 Qe6 24. Be5 Ne7 25. Qxh4 Ng6 26. Qg3 Nxe5 27. dxe5 Qg6 28. Rd3 Rae8 29. Re1 Re6 30. Qf4 f6 31. gxf6 Rfxf6 32. exf6 Rxe1+ 33. Kf2 Re6 34. Qb8+ Re8 35. Qd6 Qxf6+ 36. Qxf6 gxf6 37. Re3 Re5 38. Kf3 Rf5+ 39. Ke2 Kf7 40. g4 Rf4 41. Rf3 Re4+ 42. Kd2 Kg6 43. Kc1 a5 44. Kb2 a4 45. Rf5 b5 46. Rh5 Kg7 47. Rf5 Kg6 48. Rf3 Kg5 49. h4+ Kxg4 50. Rxf6 Rc4 51. Rh6 Kf5 52. h5 Kg5 53. Rh8 Rh4 54. Rc8 Rc4 55. Rh8 Re4 56. h6 Re6 57. h7 Kh6 58. Rc8 Kxh7 59. Rc7+ Kg6 60. Rc8 Kf6 61. Rc7 Ke5 62. Rc8 Kd6 63. Rd8+ Kc5 64. Rd7 Kc4 65. Rc7 Kc5 66. Rc8 Re7 67. Rd8 Re3 68. Rc8 Re6 69. Rd8 Kc4 70. Rh8 Re3 71. Rh4+ Re4 72. Rh3 c5 73. Rg3 d4 74. cxd4 Rxd4 75. Rg8 Rh4 76. Rc8 Rh3 77. Rc7 b4 78. axb4 a3+ 79. Ka2 Kxb4 80. Rb7+ Kc4 81. Rc7 Rh2 82. Kxa3 Rxc2 83. Rd7 Kc3 84. Rh7 Rd2 85. Rc7 c4 86. Rc8 Rd4 87. Rb8 Kc2 88. Rb2+ Kc1 89. Rh2 Rd3+ 90. Kb4 c3 91. Rh1+ Kb2 92. Kc4 Rg3 93. Rh8 c2 94. Rb8+ Ka2 95. Ra8+ Ra3 0-1

[Event "Niedersachsen-ch"]
[Site "Verden"]
[Date "2018.01.05"]
[Round "4"]
[White "Reuker, Jari"]
[Black "Tonndorf, Matthias"]
[Result "1-0"]
[WhiteElo "2299"]
[BlackElo "2276"]
[PlyCount "63"]
[EventDate "2018.01.04"]
[EventType "swiss"]
[EventRounds "7"]
[EventCountry "GER"]
[SourceTitle "EXT 2022"]
[Source "ChessBase"]
[SourceDate "2021.10.06"]
[SourceVersion "1"]
[SourceVersionDate "2021.10.06"]
[SourceQuality "1"]

1. e4 c5 2. Nf3 e6 3. d4 cxd4 4. Nxd4 a6 5. c4 g6 6. Nc3 Bg7 7. Be2 Ne7 8. Nf3 Qc7 9. 0-0 Nbc6 10. Nd5 exd5 11. cxd5 Qd6 12. dxc6 Qxd1 13. Rxd1 dxc6 14. Be3 h6 15. Bc5 Bxb2 16. Rab1 Bg7 17. Rd2 Bc3 18. Rd3 Ba5 19. Ne5 Bc7 20. Rbd1 Be6 21. Ng4 f5 22. exf5 Nxf5 23. Ne3 Rd8 24. Nxf5 Rxd3 25. Ng7+ Kf7 26. Rxd3 Bd5 27. Re3 Bd8 28. Bd4 Rg8 29. Nf5 Kf8 30. Bc5+ Kf7 31. Nxh6+ Kg7 32. Nxg8 1-0

[Event "Niedersachsen-ch"]
[Site "Verden"]
[Date "2018.01.04"]
[Round "2"]
[White "Voege, Tobias"]
[Black "Tonndorf, Matthias"]
[Result "1/2-1/2"]
[WhiteElo "2142"]
[BlackElo "2276"]
[PlyCount "89"]
[EventDate "2018.01.04"]
[EventType "swiss"]
[EventRounds "7"]
[EventCountry "GER"]
[SourceTitle "EXT 2022"]
[Source "ChessBase"]
[SourceDate "2021.10.06"]
[SourceVersion "1"]
[SourceVersionDate "2021.10.06"]
[SourceQuality "1"]

1. c4 c5 2. g3 g6 3. Bg2 Bg7 4. Nc3 Nc6 5. Nf3 e6 6. d3 Nge7 7. Bg5 d6 8. Qc1 h6 9. Bd2 b6 10. Rb1 Bb7 11. 0-0 Qd7 12. Re1 Kf8 13. a3 Kg8 14. b4 Kh7 15. h4 Rac8 16. b5 Nd4 17. e4 Nxf3+ 18. Bxf3 Rhe8 19. Bg4 Ng8 20. Bh3 f5 21. f3 Rf8 22. Bg2 Nf6 23. Kh2 Nh5 24. Qc2 Qe7 25. f4 Rce8 26. Re2 Nf6 27. Rbe1 Ng4+ 28. Kh1 Qd7 29. Nd1 fxe4 30. dxe4 d5 31. exd5 exd5 32. h5 Rxe2 33. Qxg6+ Kh8 34. Rxe2 dxc4 35. Nf2 Bxg2+ 36. Kxg2 Nxf2 37. Rxf2 Qd5+ 38. Kh2 Qd4 39. Re2 c3 40. Be1 c4 41. Rc2 Qe3 42. Bxc3 Bxc3 43. Qxh6+ Kg8 44. Qg6+ Kh8 45. Qh6+ 1/2-1/2